भाषा, सत्य और तर्क - एक परिचर्चा (Record no. 1022416)

MARC details
000 -LEADER
fixed length control field 00928nam a2200241Ia 4500
003 - CONTROL NUMBER IDENTIFIER
control field OSt
005 - DATE AND TIME OF LATEST TRANSACTION
control field 20221005111634.0
008 - FIXED-LENGTH DATA ELEMENTS--GENERAL INFORMATION
fixed length control field 221004b |||||||| |||| 00| 0 hin d
037 ## - SOURCE OF ACQUISITION
Terms of availability Textual
040 ## - CATALOGING SOURCE
Original cataloging agency CRL
Transcribing agency CRL
Language of cataloging hin
041 ## - LANGUAGE CODE
Source of code hin
Language code of text/sound track or separate title hin
100 ## - MAIN ENTRY--PERSONAL NAME
Personal name मसीह, याकुब, संपा.
245 #0 - TITLE STATEMENT
Title भाषा, सत्य और तर्क - एक परिचर्चा
Remainder of title दर्शन संगोष्ठी ग्रंथ
246 ## - VARYING FORM OF TITLE
Title proper/short title Bhāṣhā, satya aur tarka - ek paricharchā: darshan sangoṣhṭhī grantha
260 ## - PUBLICATION, DISTRIBUTION, ETC.
Place of publication, distribution, etc. पटना
Name of publisher, distributor, etc. बिहार हिंदी ग्रंथ अकादमी भारत
Date of publication, distribution, etc. 1973
300 ## - PHYSICAL DESCRIPTION
Extent 135पृ.
Dimensions cm.
942 ## - ADDED ENTRY ELEMENTS (KOHA)
Classification part Rz7, 152L3
Koha item type Textual
Source of classification or shelving scheme
Holdings
Withdrawn status Lost status Damaged status Not for loan Home library Current library Date acquired Total Checkouts Full call number Barcode Date last seen Price effective from Koha item type
        Central Library Central Library 2022-10-05   Rz7 152L3 BL0927973 Bra 2022-10-05 2022-10-05 Textual
Copyright @ Delhi University Library System